Đường lên đỉnh Olympia Vật lý giải trí

Zapisane w:
Opis bibliograficzny
1. autor: Ia. I. Perelman
Format: Książka
Język:Undetermined
Wydane: Hà Nội VHTT 2001
Hasła przedmiotowe:
Etykiety: Dodaj etykietę
Nie ma etykietki, Dołącz pierwszą etykiete!
Thư viện lưu trữ: Trung tâm Học liệu Trường Đại học Cần Thơ
LEADER 00523nam a2200181Ia 4500
001 CTU_48129
008 210402s9999 xx 000 0 und d
082 |a 530 
082 |b P437 
100 |a Ia. I. Perelman 
245 0 |a Đường lên đỉnh Olympia 
245 0 |b Vật lý giải trí 
245 0 |c Ia. I. Perelman, Trương Quang Giáo 
260 |a Hà Nội 
260 |b VHTT 
260 |c 2001 
650 |a physics - study and teaching 
980 |a Trung tâm Học liệu Trường Đại học Cần Thơ